2021-22 Green Bay Packers Roster - Statistics

General Stats
  • This quiz has been taken 478 times
  • The average score is 22 of 53
Answer Stats
Hint Answer % Correct
QB Aaron Rodgers
100%
RB Aaron Jones
95%
WR Amari Rodgers
94%
WR Davante Adams
93%
QB Jordan Love
93%
RB A.J. Dillon
86%
WR Allen Lazard
82%
CB Jaire Alexander
78%
WR Randall Cobb
77%
TE Robert Tonyan
76%
K Mason Crosby
72%
LB Preston Smith
68%
LB Za'Darius Smith
68%
TE Marcedes Lewis
66%
DL Kenny Clark
61%
S Adrian Amos
60%
WR Marquez Valdes-Scantling
57%
S Darnell Savage
54%
CB Eric Stokes
50%
CB Kevin King
50%
LB Rashan Gary
49%
OL Elgton Jenkins
47%
LB De'Vondre Campbell
43%
TE Josiah Deguara
39%
DL Dean Lowry
35%
OL Josh Myers
33%
WR Malik Taylor
33%
RB Kylin Hill
31%
OL Jon Runyan
29%
OL Billy Turner
27%
P Corey Bojorquez
26%
S Vernon Scott
24%
LB Krys Barnes
23%
TE Dominique Dafney
21%
CB Chandon Sullivan
20%
OL Lucas Patrick
20%
OL Yosh Nijman
20%
OL Royce Newman
19%
DL Kingsley Keke
18%
DL Tyler Lancaster
18%
S Henry Black
17%
DL TJ Slaton
16%
LB Oren Burks
15%
LB Ty Summers
13%
OL Dennis Kelly
11%
CB Shemar Jean-Charles
11%
LS Hunter Bradley
10%
LB Isaiah McDuffie
9%
OL Jake Hanson
9%
LB Jonathan Garvin
9%
CB Isaac Yiadom
7%
DL Jack Heflin
5%
LB Chauncey Rivers
3%
No matching quizzes found
Score Distribution
Percent of People with Each Score
Percentile by Number Answered
Your Score History
You have not taken this quiz